| 000 | 01662cam a22003251i 4500 | ||
|---|---|---|---|
| 003 | SA-RiAUC | ||
| 005 | 20250627150705.0 | ||
| 008 | 250603s2013 su f f000 0 ara c | ||
| 020 | _a9789960066651 | ||
| 040 |
_aSA-MaUQU _bara _cSA-RiAUC _erda |
||
| 043 | _aap----- | ||
| 082 | 0 | 4 |
_a364.168 _qSA-RiAUC |
| 090 |
_a364.168 _bخ ط ي |
||
| 100 | 1 |
_aالخطيب، فاروق صالح عبد الكريم، _d1367 هجري- _eمؤلف. |
|
| 245 | 1 | 2 |
_aالتستر التجاري في دول التعاون الخليجي : _bدراسة تحليلية مقارنة / _cإعداد أ. د. فاروق صالح الخطيب، أ. د. عبد العزيز أحمد دياب، د. أيمن صالح فاضل. |
| 264 | 1 |
_aجدة، السعودية : _bجامعة الملك عبد العزيز، مركز النشر العلمي، _c2013 |
|
| 300 |
_a176 صفحة ؛ _c24 سم. |
||
| 336 |
_aنص _btxt _2rdacontent _3كتاب |
||
| 337 |
_aبدون وسيط _bn _2rdamedia |
||
| 338 |
_aمجلد _bnc _2rdacarrier |
||
| 490 | 0 |
_aسلسلة إصدارات كرسي التستر التجاري ؛ _v3 |
|
| 650 | 7 |
_aالجرائم التجارية _zدول الخليج العربية _2aucsh |
|
| 650 | 7 |
_aالجرائم التجارية _zدول الخليج العربية _xوقاية _2aucsh |
|
| 650 | 7 |
_aجرائم الأموال _zدول الخليج العربية _2aucsh |
|
| 653 | _aالعلوم الاجتماعية. | ||
| 700 | 1 |
_aدياب، عبد العزيز أحمد محمد، _d1373 هجري- _eمؤلف. |
|
| 700 | 1 |
_aفاضل، أيمن صالح، _b1381 هجري- _eمؤلف. |
|
| 942 |
_2ddc _cBOOK _n0 |
||
| 949 |
_aSA-JeALM _d250603 _umohamedma123 _n1 |
||
| 999 |
_c9242 _d9242 |
||